[Event "Aurora Spring op"]
[Site "Aurora CAN"]
[Date "2014.03.09"]
[Round "4.8"]
[White "Perelman, Leon"]
[Black "Cai, Jason"]
[Result "1-0"]
[WhiteElo "1978"]
[BlackElo "1984"]
[PlyCount "73"]
[EventDate "2014.03.08"]
[EventType "swiss"]
[EventRounds "5"]
[EventCountry "CAN"]

1. d4 Nf6 2. c4 c5 3. d5 b5 4. cxb5 a6 5. f3 g6 6. e4 Bg7 7. Na3 d6 8. Ne2 Nbd7
9. Nc3 O-O 10. Be2 axb5 11. Naxb5 Ba6 12. O-O Ne8 13. Qc2 Nc7 14. Bg5 Nb6 15.
a4 Qd7 16. Ra3 Rfb8 17. b3 Nc8 18. Ra2 Bxb5 19. Bxb5 Nxb5 20. Nxb5 Na7 21. Na3
Rb7 22. Nc4 Rab8 23. Rb1 Qc7 24. Bd2 Qd7 25. Qd3 h5 26. Kh1 Qe8 27. f4 Qd7 28.
h3 Qc8 29. Be1 Qd7 30. Bf2 Qc8 31. e5 Qd7 32. Re2 Rc8 33. Bh4 Bf8 34. e6 Qe8
35. f5 Bg7 36. f6 Bf8 37. fxe7 1-0

[Event "Aurora Spring op"]
[Site "Aurora CAN"]
[Date "2014.03.09"]
[Round "5.3"]
[White "Zhong, Joey"]
[Black "Cormier, Adam"]
[Result "0-1"]
[WhiteElo "1873"]
[BlackElo "2019"]
[PlyCount "54"]
[EventDate "2014.03.08"]
[EventType "swiss"]
[EventRounds "5"]
[EventCountry "CAN"]

1. e4 c5 2. Nc3 a6 3. Nf3 d6 4. d4 cxd4 5. Nxd4 Nf6 6. Be2 e5 7. Nb3 Be7 8. Be3
O-O 9. g4 Be6 10. g5 Ne8 11. Qd2 Nd7 12. h4 b5 13. h5 Nb6 14. Nd5 Bxd5 15. exd5
f5 16. g6 Nc4 17. Bxc4 bxc4 18. gxh7+ Kh8 19. Na5 f4 20. Nxc4 fxe3 21. Nxe3 Bg5
22. Qd3 Qf6 23. Rf1 Bxe3 24. fxe3 Qxf1+ 25. Qxf1 Rxf1+ 26. Kxf1 Rc8 27. Rc1 Nf6
0-1

[Event "Aurora Spring op"]
[Site "Aurora CAN"]
[Date "2014.03.09"]
[Round "5.4"]
[White "Zeromskis, Egidijus"]
[Black "Michelashvili, Alexandre"]
[Result "1-0"]
[WhiteElo "2119"]
[BlackElo "1988"]
[PlyCount "55"]
[EventDate "2014.03.08"]
[EventType "swiss"]
[EventRounds "5"]
[EventCountry "CAN"]

1. e4 e5 2. Nf3 Nc6 3. Bb5 a6 4. Bxc6 dxc6 5. O-O Bg4 6. h3 Bh5 7. d3 Bd6 8.
Nbd2 Qd7 9. Qe1 O-O-O 10. Nh2 f6 11. Nc4 Bf7 12. Nxd6+ Qxd6 13. f4 exf4 14.
Rxf4 Qc5+ 15. Rf2 Ne7 16. Be3 Qd6 17. Bf4 Qc5 18. b4 Qd4 19. Nf3 Qd7 20. a4 g5
21. Be3 g4 22. hxg4 Qxg4 23. b5 cxb5 24. axb5 axb5 25. Qb4 Nc6 26. Qxb5 f5 27.
Ne5 Qg7 28. Ra8+ 1-0

[Event "Aurora Spring op"]
[Site "Aurora CAN"]
[Date "2014.03.09"]
[Round "5.5"]
[White "Wang, Eric Zechen"]
[Black "Perelman, Leon"]
[Result "1/2-1/2"]
[WhiteElo "1886"]
[BlackElo "1978"]
[PlyCount "125"]
[EventDate "2014.03.08"]
[EventType "swiss"]
[EventRounds "5"]
[EventCountry "CAN"]

1. d4 d5 2. Nf3 c6 3. g3 Nf6 4. Bg2 g6 5. c4 Bg7 6. O-O O-O 7. cxd5 cxd5 8. Ne5
Nbd7 9. Nc3 e6 10. f4 Qb6 11. Kh1 Rd8 12. Rb1 Ne4 13. Qd3 Ndf6 14. Be3 Nd6 15.
Bg1 Bd7 16. Rfc1 Be8 17. Rc2 Nfe4 18. h3 f6 19. Ng4 h5 20. Nf2 f5 21. Rd1 Rac8
22. Kh2 Rc4 23. e3 Rdc8 24. Rdc1 Nxc3 25. bxc3 Ba4 26. Rd2 Qa5 27. Nd1 Bxd1 28.
Rdxd1 Rxc3 29. Rxc3 Rxc3 30. Qe2 Qa4 31. g4 hxg4 32. hxg4 Rc2 33. Rd2 Rxd2 34.
Qxd2 b5 35. gxf5 gxf5 36. Qe1 Qxa2 37. Qh4 Nf7 38. Qe7 Qa6 39. Bf1 Bf8 40. Qd7
Qd6 41. Qxb5 Nh6 42. Be2 Qe7 43. Bf2 Qh7 44. Kg1 Ng4 45. Bxg4 fxg4 46. Qa6 Qb1+
47. Kh2 Qh7+ 48. Kg1 Qb1+ 49. Kh2 Qe4 50. Qxa7 Qf3 51. Qa2 Qh3+ 52. Kg1 Bb4 53.
Qb1 Bf8 54. Qg6+ Kh8 55. Qxe6 Qf3 56. Qf6+ Bg7 57. Qh4+ Kg8 58. Qg3 Qd1+ 59.
Kh2 Kf8 60. Qg2 Qc2 61. Bh4 Qf5 62. Kg3 Qd3 63. Qxd5 1/2-1/2

[Event "Aurora Spring op"]
[Site "Aurora CAN"]
[Date "2014.03.09"]
[Round "5.6"]
[White "Noritsyn, Sergey"]
[Black "MacLeod, David"]
[Result "1/2-1/2"]
[WhiteElo "1840"]
[BlackElo "2076"]
[PlyCount "116"]
[EventDate "2014.03.08"]
[EventType "swiss"]
[EventRounds "5"]
[EventCountry "CAN"]

1. e4 c5 2. Nf3 Nc6 3. c3 e6 4. d4 d5 5. exd5 exd5 6. Bd3 c4 7. Bc2 Bd6 8. O-O
Nge7 9. Re1 h6 10. Nh4 O-O 11. Qh5 Qc7 12. h3 Bh2+ 13. Kh1 Bf4 14. Be3 Bxe3 15.
Rxe3 Qf4 16. Nf3 g6 17. Qh4 Qxh4 18. Nxh4 g5 19. Nf3 Bf5 20. Na3 Bxc2 21. Nxc2
Nf5 22. Re2 Rfe8 23. Rae1 Rxe2 24. Rxe2 b5 25. Kg1 a5 26. Kf1 b4 27. Ne5 Nfe7
28. Nxc6 Nxc6 29. Ne3 Rd8 30. a3 Kf8 31. Ke1 Ne7 32. axb4 axb4 33. cxb4 Rb8 34.
Ng4 Rb6 35. Kd1 f5 36. Ne5 Rxb4 37. Kc2 f4 38. Nd7+ Kf7 39. Nc5 Rb8 40. Re6 Rh8
41. Rd6 h5 42. Ne6 Rg8 43. Nc7 g4 44. hxg4 Rxg4 45. Nxd5 Rxg2 46. Kc1 Nxd5 47.
Rxd5 Rxf2 48. Rxh5 f3 49. Rc5 Ke6 50. Rb5 Rg2 51. Re5+ Kd6 52. Rf5 f2 53. Kd1
f1=Q+ 54. Rxf1 Rxb2 55. Kc1 Ra2 56. Rf5 Rh2 57. Rc5 Rh4 58. Rxc4 Kd5 1/2-1/2

[Event "Aurora Spring op"]
[Site "Aurora CAN"]
[Date "2014.03.09"]
[Round "5.7"]
[White "Zhao, Yue Tong (Davy)"]
[Black "Yu, Wenlu"]
[Result "1/2-1/2"]
[WhiteElo "1892"]
[BlackElo "1836"]
[PlyCount "67"]
[EventDate "2014.03.08"]
[EventType "swiss"]
[EventRounds "5"]
[EventCountry "CAN"]

1. e4 c5 2. Nf3 d6 3. d4 cxd4 4. Nxd4 Nf6 5. Nc3 a6 6. f3 e5 7. Nb3 Be6 8. Be3
Nbd7 9. Qd2 b5 10. g4 Nb6 11. g5 Nfd7 12. Nd5 Rc8 13. f4 Bxd5 14. exd5 Nc4 15.
Bxc4 bxc4 16. Nc1 c3 17. bxc3 exf4 18. Bxf4 Be7 19. Ne2 O-O 20. Nd4 Re8 21. O-O
Ne5 22. Nf5 Bf8 23. Kh1 Qa5 24. Rae1 Rxc3 25. Bxe5 dxe5 26. Nh6+ gxh6 27. gxh6
Kh8 28. Rg1 f6 29. Re3 Ra3 30. Reg3 Bxh6 31. Qxh6 Qxd5+ 32. R3g2 Qf7 33. Rg7
Qd5+ 34. R7g2 1/2-1/2

[Event "Aurora Spring op"]
[Site "Aurora CAN"]
[Date "2014.03.09"]
[Round "5.8"]
[White "Cai, Jason"]
[Black "Hua, Eugene"]
[Result "1/2-1/2"]
[WhiteElo "1984"]
[BlackElo "1966"]
[PlyCount "75"]
[EventDate "2014.03.08"]
[EventType "swiss"]
[EventRounds "5"]
[EventCountry "CAN"]

1. e4 e5 2. Nf3 Nc6 3. Bc4 Bc5 4. c3 Nf6 5. d3 O-O 6. Nbd2 h6 7. h3 d5 8. exd5
Nxd5 9. O-O Nb6 10. Ne4 Nxc4 11. Nxc5 Nd6 12. Re1 Re8 13. Be3 b6 14. Ne4 Nxe4
15. dxe4 Bb7 16. Qc2 Qe7 17. Rad1 Rad8 18. Qa4 Na5 19. Bc1 Bc6 20. Qc2 Nc4 21.
b3 Nd6 22. Bb2 Qf6 23. c4 a5 24. c5 bxc5 25. Qxc5 Nxe4 26. Qxa5 Ng5 27. Rxd8
Nxf3+ 28. gxf3 Qg5+ 29. Kh2 Qf4+ 30. Kg1 Qg5+ 31. Kh2 Rxd8 32. Qxe5 Rd2 33.
Qxg5 hxg5 34. Be5 Rxf2+ 35. Kg3 Rxa2 36. Bxc7 Rb2 37. Re3 Bd5 38. Re5 1/2-1/2

[Event "Aurora Spring op U1300"]
[Site "Aurora CAN"]
[Date "2014.03.08"]
[Round "2"]
[White "Pishdad, Hassan"]
[Black "Li, Catherine"]
[Result "1-0"]
[WhiteElo "1132"]
[BlackElo "1287"]
[PlyCount "191"]
[EventDate "2014.03.08"]
[EventType "swiss"]
[EventRounds "5"]
[EventCountry "CAN"]

1. d4 Nf6 2. c4 g6 3. Nc3 Bg7 4. e4 d6 5. Nf3 O-O 6. h3 e5 7. d5 Nbd7 8. Be3 h6
9. Qd2 Kh7 10. g4 g5 11. O-O-O Nc5 12. Bxc5 dxc5 13. Bg2 Qd6 14. Ne1 a6 15. f3
Nd7 16. h4 Kg6 17. hxg5 hxg5 18. Kb1 Rh8 19. Nc2 Qb6 20. Rxh8 Bxh8 21. Rh1 Bg7
22. Ne3 Nf8 23. Bf1 f6 24. Qh2 Kf7 25. Qh5+ Ng6 26. Nf5 Bd7 27. Qh7 Bxf5 28.
gxf5 Nf4 29. Qh2 Rh8 30. Qg1 Qb4 31. Rxh8 Bxh8 32. Qf2 b6 33. Qd2 a5 34. Kc2 a4
35. Nb5 Qxd2+ 36. Kxd2 Ke7 37. Nxc7 Kd6 38. Nb5+ Kd7 39. a3 Bg7 40. Nc3 Bf8 41.
Nxa4 Kc7 42. Nc3 Kb7 43. a4 Ka6 44. b3 Ka5 45. Kc2 Kb4 46. Nb5 Ka5 47. Kc3 Ka6
48. Nc7+ Ka5 49. Ne8 Be7 50. d6 Bd8 51. d7 Ka6 52. b4 Kb7 53. b5 Kb8 54. Kb3
Kb7 55. Kc3 Kb8 56. Bd3 Nh3 57. Be2 Ng1 58. Bd1 Nh3 59. Kb3 Nf2 60. Be2 Kb7 61.
a5 bxa5 62. Ka4 Kb6 63. Kb3 Kb7 64. Bf1 g4 65. fxg4 Nxg4 66. Be2 Nf2 67. Bf3
Nd3 68. Bh5 Nf2 69. Bf7 Ng4 70. Bd5+ Kb6 71. Ng7 Nh6 72. Ne6 Nf7 73. Ng7 Nd6
74. Ne8 Nb7 75. Ka4 Ka7 76. Ng7 Kb6 77. Bxb7 Kxb7 78. Ne6 Kb8 79. Nxd8 Kc7 80.
Nc6 Kxd7 81. Kxa5 Kc7 82. Ka6 Kc8 83. Kb6 Kd7 84. Kxc5 Kc7 85. b6+ Kc8 86. Kb5
Kb7 87. c5 Kc8 88. Ka6 Kd7 89. Nxe5+ Kc8 90. Ka7 Kd8 91. b7 fxe5 92. b8=Q+ Ke7
93. Qxe5+ Kd7 94. Qe6+ Kd8 95. c6 Kc7 96. Qd7# 1-0

[Event "Aurora Spring op U1300"]
[Site "Aurora CAN"]
[Date "2014.03.08"]
[Round "3"]
[White "Mo, Aidan"]
[Black "Pishdad, Hassan"]
[Result "0-1"]
[WhiteElo "1158"]
[BlackElo "1132"]
[PlyCount "108"]
[EventDate "2014.03.08"]
[EventType "swiss"]
[EventRounds "5"]
[EventCountry "CAN"]

1. e4 c5 2. Nf3 e6 3. d4 cxd4 4. Nxd4 Nc6 5. Nc3 Nf6 6. Bg5 Be7 7. Qd2 O-O 8.
O-O-O d5 9. exd5 Nxd5 10. Bxe7 Ndxe7 11. Nb3 Qxd2+ 12. Nxd2 Rd8 13. Nf3 Rxd1+
14. Kxd1 e5 15. Bd3 Bg4 16. Kc1 Bxf3 17. gxf3 Nd4 18. f4 exf4 19. Re1 Ne6 20.
Bc4 Ng6 21. Bxe6 fxe6 22. Rxe6 Kf7 23. Rd6 Re8 24. Rd7+ Re7 25. Rxe7+ Kxe7 26.
Kd2 Ke6 27. Kd3 Ne5+ 28. Ke4 g5 29. Ne2 Ng4 30. Kf3 Ne5+ 31. Ke4 Nc6 32. h4 h6
33. hxg5 hxg5 34. Nd4+ Nxd4 35. Kxd4 Kf5 36. Kd3 Kg4 37. Ke2 Kf5 38. Kf3 g4+
39. Kg2 Ke4 40. f3+ gxf3+ 41. Kf2 b5 42. b3 Kd4 43. a4 b4 44. Kxf3 Kc3 45. Kxf4
Kxc2 46. Ke3 Kxb3 47. a5 Kc2 48. Kd4 b3 49. Kc5 b2 50. Kb5 b1=Q+ 51. Ka4 Qa2+
52. Kb5 Kc3 53. a6 Qc4+ 54. Ka5 Qb4# 0-1

[Event "Aurora Spring op U1300"]
[Site "Aurora CAN"]
[Date "2014.03.09"]
[Round "4"]
[White "Chen, George"]
[Black "Pishdad, Hassan"]
[Result "1/2-1/2"]
[WhiteElo "1179"]
[BlackElo "1132"]
[PlyCount "101"]
[EventDate "2014.03.08"]
[EventType "swiss"]
[EventRounds "5"]
[EventCountry "CAN"]

1. e4 c5 2. Nc3 e6 3. f4 Nf6 4. Nf3 d5 5. e5 Nfd7 6. d4 Nc6 7. Bb5 a6 8. Bxc6
bxc6 9. Be3 c4 10. O-O Bb4 11. Bd2 c5 12. Ne2 O-O 13. c3 Ba5 14. dxc5 Nxc5 15.
b4 cxb3 16. axb3 Bb6 17. Kh1 Ne4 18. Be1 Bb7 19. Nd2 Nxd2 20. Qxd2 Rc8 21. Bf2
Bxf2 22. Rxf2 Qc7 23. Nd4 Qc5 24. Rf3 Qe7 25. Rg3 f5 26. exf6 Qxf6 27. Qd3 Rc7
28. Rh3 g6 29. Rc1 Bc8 30. Re3 Rcf7 31. Kg1 Qxf4 32. Rf3 Qd6 33. Re3 Rf6 34.
Qe2 Qb6 35. Kh1 Rf2 36. Qd3 R8f6 37. h3 Qd6 38. Nf3 Qg3 39. Rg1 Qf4 40. b4 Bb7
41. Nh2 h5 42. Rf3 Rxf3 43. Nxf3 e5 44. Qe2 e4 45. Nd4 Qe5 46. Qe3 Qf4 47. Qxf4
Rxf4 48. Ne6 Rf7 49. Nc5 Bc8 50. Rd1 e3 51. Re1 1/2-1/2

[Event "Aurora Spring op U1300"]
[Site "Aurora CAN"]
[Date "2014.03.09"]
[Round "5"]
[White "Pishdad, Hassan"]
[Black "Liu, Lambert"]
[Result "1/2-1/2"]
[WhiteElo "1132"]
[BlackElo "1155"]
[PlyCount "93"]
[EventDate "2014.03.08"]
[EventType "swiss"]
[EventRounds "5"]
[EventCountry "CAN"]

1. d4 Nf6 2. c4 g6 3. Nc3 Bg7 4. e4 d6 5. h3 O-O 6. Nf3 e5 7. d5 Nfd7 8. Bd3
Nc5 9. Bg5 f6 10. Be3 Nxd3+ 11. Qxd3 f5 12. O-O-O f4 13. Bd2 Bd7 14. g3 fxg3
15. fxg3 a5 16. a3 Na6 17. Rdf1 Nc5 18. Qc2 a4 19. Be3 Nb3+ 20. Kb1 c6 21. Nxa4
cxd5 22. Bb6 Qc8 23. Qxb3 Bxa4 24. Qb4 dxe4 25. Ng5 Qc6 26. b3 h6 27. Ne6 Rxf1+
28. Rxf1 Ra6 29. Bd8 Bxb3 30. Qxb3 Qd7 31. c5 Kh7 32. Bb6 Rxa3 33. Qxa3 Qb5+
34. Ka2 Qxf1 35. cxd6 Qe2+ 36. Qb2 Qa6+ 37. Kb1 Qd3+ 38. Ka1 Qxd6 39. Nxg7 Qd1+
40. Ka2 Qa4+ 41. Kb1 Qd1+ 42. Ka2 Qd5+ 43. Qb3 Qxb3+ 44. Kxb3 Kxg7 45. Kc4 Kf6
46. Kd5 Kf5 47. Be3 1/2-1/2

[Event "Aurora Spring op U1600"]
[Site "Aurora CAN"]
[Date "2014.03.09"]
[Round "4"]
[White "Prost, Bernie"]
[Black "Pearson, Dave"]
[Result "1-0"]
[WhiteElo "1549"]
[BlackElo "1323"]
[PlyCount "69"]
[EventDate "2014.03.08"]
[EventType "swiss"]
[EventRounds "5"]
[EventCountry "CAN"]

1. e4 e5 2. f4 exf4 3. Bc4 Qh4+ 4. Kf1 Bc5 5. d4 Bb6 6. Nf3 Qf6 7. Nc3 c6 8. e5
Qf5 9. Qe2 Bc7 10. Bd3 Qg4 11. Ne4 Ne7 12. Nd6+ Kf8 13. h3 Qe6 14. Ng5 Qd5 15.
Bc4 Qxd4 16. Ngxf7 Bxd6 17. exd6 Nf5 18. Ke1 Nxd6 19. Nxd6 Qxd6 20. Bxf4 Qe7
21. Bd6 Qxd6 22. Rf1+ Qf6 23. Rxf6+ gxf6 24. Qg4 Na6 25. Qf4 Ke7 26. Kd2 d5 27.
Re1+ Kf7 28. Bxa6 bxa6 29. Qc7+ Kg6 30. Re7 f5 31. Qg3+ Kh5 32. h4 h6 33. Rg7
d4 34. Qf3+ Kxh4 35. Qh3# 1-0

[Event "Aurora Spring op U2000"]
[Site "Aurora CAN"]
[Date "2014.03.08"]
[Round "1"]
[White "Armstrong, Robert J"]
[Black "Wu, Stanley"]
[Result "1-0"]
[WhiteElo "1618"]
[BlackElo "1783"]
[PlyCount "45"]
[EventDate "2014.03.08"]
[EventType "swiss"]
[EventRounds "5"]
[EventCountry "CAN"]

1. d4 Nf6 2. c4 c6 3. Nc3 d5 4. e3 a6 5. Nf3 b5 6. cxd5 cxd5 7. Bd3 Bg4 8. O-O
e6 9. b3 Bd6 10. h3 Bh5 11. Bb2 O-O 12. e4 dxe4 13. Nxe4 Be7 14. Rc1 Bg6 15.
Re1 Qb6 16. Qe2 Nd5 17. Ne5 Rd8 18. Qf3 Nb4 19. Ba3 Qa5 20. Bxb4 Bxb4 21. Re2
Rc8 22. Rxc8+ Bf8 23. Rd2 1-0

[Event "Aurora Spring op U2000"]
[Site "Aurora CAN"]
[Date "2014.03.08"]
[Round "2"]
[White "Issani, Nameer"]
[Black "Armstrong, Robert J"]
[Result "1/2-1/2"]
[WhiteElo "1826"]
[BlackElo "1618"]
[PlyCount "78"]
[EventDate "2014.03.08"]
[EventType "swiss"]
[EventRounds "5"]
[EventCountry "CAN"]

1. e4 g6 2. d4 Bg7 3. Nf3 d6 4. Be3 Nf6 5. Nbd2 O-O 6. Bd3 Nc6 7. c3 e5 8. d5
Ne7 9. O-O h6 10. c4 Nd7 11. Nb3 b6 12. Qd2 Kh7 13. Ne1 f5 14. f4 fxe4 15. Bxe4
Nf5 16. Nd3 Nxe3 17. Qxe3 Nf6 18. fxe5 Nxe4 19. Qxe4 Bf5 20. Qe3 Bxd3 21. Qxd3
Bxe5 22. Nd4 Qh4 23. Nf3 Qh5 24. Nxe5 Qxe5 25. Rfe1 Qg5 26. Re6 Rf7 27. Rae1
Raf8 28. R6e2 Qf4 29. g3 Qf6 30. b3 h5 31. Qe3 Qf5 32. Kg2 Qf6 33. b4 a6 34.
Qa3 Qf3+ 35. Qxf3 Rxf3 36. Re7+ R8f7 37. Rxf7+ Rxf7 38. Re8 Kg7 39. Ra8 Kf6
1/2-1/2

[Event "Aurora Spring op U2000"]
[Site "Aurora CAN"]
[Date "2014.03.08"]
[Round "3"]
[White "Ming, Wenyang"]
[Black "Armstrong, Robert J"]
[Result "1-0"]
[WhiteElo "1863"]
[BlackElo "1618"]
[PlyCount "39"]
[EventDate "2014.03.08"]
[EventType "swiss"]
[EventRounds "5"]
[EventCountry "CAN"]

1. e4 g6 2. d4 Bg7 3. Nc3 d6 4. f3 Nf6 5. Bg5 O-O 6. Qd2 a6 7. O-O-O b5 8. h4
h5 9. Bxf6 exf6 10. g4 hxg4 11. h5 gxh5 12. Rxh5 gxf3 13. Bh3 Re8 14. Bxc8 Qxc8
15. Qf4 Qe6 16. Nxf3 c6 17. Rg1 Nd7 18. Rxg7+ Kf8 19. d5 cxd5 20. Nxd5 1-0

[Event "Aurora Spring op U2000"]
[Site "Aurora CAN"]
[Date "2014.03.09"]
[Round "4"]
[White "Liang, Hairan"]
[Black "Ming, Wenyang"]
[Result "1-0"]
[WhiteElo "1799"]
[BlackElo "1863"]
[PlyCount "55"]
[EventDate "2014.03.08"]
[EventType "swiss"]
[EventRounds "5"]
[EventCountry "CAN"]

1. e4 c5 2. Nf3 Nc6 3. d4 cxd4 4. Nxd4 e5 5. Nb5 a6 6. Nd6+ Bxd6 7. Qxd6 Qf6 8.
Qd3 Qg6 9. Nc3 Nge7 10. Be3 d6 11. Qd2 O-O 12. O-O-O Rd8 13. f3 Be6 14. Nd5
Rac8 15. Kb1 Nxd5 16. exd5 Nb4 17. Bd3 Nxd3 18. dxe6 Nc5 19. e7 Re8 20. Qxd6
Ne6 21. Rd2 Rc7 22. Rhd1 Rcxe7 23. Qxe7 Rxe7 24. Rd8+ Nf8 25. Rxf8+ Kxf8 26.
Rd8+ Re8 27. Bc5+ Kg8 28. Rxe8# 1-0

[Event "Aurora Spring op U2000"]
[Site "Aurora CAN"]
[Date "2014.03.09"]
[Round "4"]
[White "Liu, Daniel"]
[Black "Armstrong, Robert J"]
[Result "0-1"]
[WhiteElo "1906"]
[BlackElo "1618"]
[PlyCount "43"]
[EventDate "2014.03.08"]
[EventType "swiss"]
[EventRounds "5"]
[EventCountry "CAN"]

1. d4 d5 2. c4 c6 3. e3 e6 4. Nf3 Nf6 5. Bd3 Bd6 6. O-O O-O 7. Nc3 Bc7 8. b3
Re8 9. Bb2 Nbd7 10. e4 dxe4 11. Nxe4 Nxe4 12. Bxe4 Nf6 13. Bc2 h6 14. Re1 b6
15. Qd3 e5 16. Nxe5 Bxe5 17. Rxe5 Rxe5 18. dxe5 Qxd3 19. Bxd3 Nd7 20. Rd1 Nc5
21. Bc2 a5 22. Rd8# 0-1

[Event "Aurora Spring op U2000"]
[Site "Aurora CAN"]
[Date "2014.03.09"]
[Round "5"]
[White "Guo, Thomas"]
[Black "Armstrong, Robert J"]
[Result "1-0"]
[WhiteElo "1694"]
[BlackElo "1618"]
[PlyCount "75"]
[EventDate "2014.03.08"]
[EventType "swiss"]
[EventRounds "5"]
[EventCountry "CAN"]

1. e4 g6 2. d4 Bg7 3. Nf3 b6 4. c3 Bb7 5. Qc2 d6 6. Bf4 Nd7 7. Bd3 e6 8. O-O
Ne7 9. Na3 e5 10. dxe5 dxe5 11. Bg3 h5 12. Rad1 g5 13. Bxe5 Bxe5 14. Nxe5 Nc6
15. Nxd7 Qxd7 16. Bc4 Qe7 17. Rfe1 Rd8 18. Rxd8+ Kxd8 19. Qd3+ Kc8 20. e5 Kb8
21. e6 f6 22. Qd7 Rd8 23. Qxe7 Nxe7 24. Bb3 Bd5 25. Rd1 Kc8 26. Nb5 c6 27.
Nxa7+ Kb7 28. Nxc6 Kxc6 29. c4 Rc8 30. cxd5+ Kd6 31. Kf1 Rc5 32. Ke2 b5 33. Rd2
b4 34. g3 Ng6 35. Rc2 Rxd5 36. Bxd5 Kxd5 37. Rc7 Kxe6 38. Rb7 1-0

[Event "Aurora Summer op"]
[Site "Aurora CAN"]
[Date "2014.07.05"]
[Round "1.1"]
[White "Zotkin, Daniel"]
[Black "Sambuev, Bator"]
[Result "0-1"]
[WhiteElo "2200"]
[BlackElo "2690"]
[PlyCount "96"]
[EventDate "2014.07.05"]
[EventType "swiss"]
[EventRounds "5"]
[EventCountry "CAN"]

1. e4 e6 2. d4 d5 3. Nc3 Bb4 4. exd5 exd5 5. Bd3 Nc6 6. a3 Bxc3+ 7. bxc3 Nge7
8. Qf3 Be6 9. Rb1 b6 10. Ne2 Qd7 11. h3 O-O-O 12. Ng3 Rdg8 13. Nh5 Bf5 14. Nf4
h5 15. O-O Bxd3 16. Nxd3 Qf5 17. Qxf5+ Nxf5 18. Bf4 g5 19. Be5 Rh6 20. g4 hxg4
21. hxg4 Nxe5 22. Nxe5 Nd6 23. Kg2 Rgh8 24. Rh1 Rxh1 25. Rxh1 Rxh1 26. Kxh1 f6
27. Nc6 Kd7 28. Nb4 c6 29. Na2 Nc4 30. a4 a5 31. Kg2 Nb2 32. Kg3 Nxa4 33. f4
Nb2 34. fxg5 fxg5 35. Kf3 Nc4 36. Ke2 Nd6 37. Kf3 Ne4 38. Ke3 b5 39. Kf3 Kd6
40. Ke3 c5 41. Kf3 c4 42. Ke3 a4 43. Kf3 a3 44. Ke3 Nxc3 45. Nxc3 b4 46. Na2 b3
47. cxb3 cxb3 48. Nc3 a2 0-1

[Event "Aurora Summer op"]
[Site "Aurora CAN"]
[Date "2014.07.05"]
[Round "1.2"]
[White "Qin, Zi Yi (Joey)"]
[Black "Profit, Brian"]
[Result "1-0"]
[WhiteElo "2421"]
[BlackElo "2108"]
[PlyCount "47"]
[EventDate "2014.07.05"]
[EventType "swiss"]
[EventRounds "5"]
[EventCountry "CAN"]

1. e4 e6 2. d4 d5 3. Nd2 c5 4. exd5 Qxd5 5. Ngf3 cxd4 6. Bc4 Qd6 7. O-O Nf6 8.
Nb3 Nc6 9. Nbxd4 Nxd4 10. Nxd4 a6 11. Bb3 Qc7 12. Qf3 Bc5 13. c3 O-O 14. Bg5
Be7 15. Rad1 Bd7 16. Rfe1 Rfe8 17. Bf4 Qb6 18. Be5 Rad8 19. Qg3 Nh5 20. Qh3 Nf6
21. Bc2 g6 22. Re3 Bc6 23. Rde1 Bd5 24. Bb3 1-0

[Event "Aurora Summer op"]
[Site "Aurora CAN"]
[Date "2014.07.05"]
[Round "1.3"]
[White "Nasir, Zehn"]
[Black "Kleinman, Michael"]
[Result "0-1"]
[WhiteElo "2097"]
[BlackElo "2370"]
[PlyCount "42"]
[EventDate "2014.07.05"]
[EventType "swiss"]
[EventRounds "5"]
[EventCountry "CAN"]

1. e4 c5 2. Nf3 e6 3. d4 cxd4 4. Nxd4 Nc6 5. Be3 Qc7 6. Nd2 a6 7. c3 Nf6 8. Bd3
d5 9. O-O Be7 10. f4 dxe4 11. Nxe4 Nd5 12. Qf3 Nxe3 13. Qxe3 Qb6 14. Rae1 Nxd4
15. cxd4 O-O 16. Kh1 Rd8 17. Qh3 Qxd4 18. Rf3 g6 19. g4 Qxb2 20. Ng5 Qg7 21.
Qf1 Bd7 0-1

[Event "Aurora Summer op"]
[Site "Aurora CAN"]
[Date "2014.07.05"]
[Round "1.4"]
[White "Derraugh, Geordie"]
[Black "Noritsyn, Sergey"]
[Result "1-0"]
[WhiteElo "2344"]
[BlackElo "2087"]
[PlyCount "65"]
[EventDate "2014.07.05"]
[EventType "swiss"]
[EventRounds "5"]
[EventCountry "CAN"]

1. e4 c5 2. Nf3 d6 3. d4 cxd4 4. Nxd4 Nf6 5. Nc3 a6 6. g3 b6 7. Bg2 Bb7 8. O-O
e6 9. a4 Nbd7 10. Qe2 Qc7 11. f4 Be7 12. Be3 Rc8 13. Bf3 Qb8 14. Bd2 Qa8 15.
Rae1 Rd8 16. g4 Nb8 17. g5 Nfd7 18. f5 Nc6 19. Nxe6 fxe6 20. Bh5+ g6 21. fxg6
Nde5 22. g7+ Kd7 23. gxh8=Q Rxh8 24. Qg2 Rg8 25. Bf7 Nxf7 26. Rxf7 h6 27. Nd5
exd5 28. exd5 Ne5 29. Rxe5 dxe5 30. Qh3+ Kd8 31. d6 Bc8 32. dxe7+ Ke8 33. Qf1
1-0

[Event "Aurora Summer op"]
[Site "Aurora CAN"]
[Date "2014.07.05"]
[Round "1.5"]
[White "Zhao, Yue Tong (Davy)"]
[Black "Ochkoos, Jura"]
[Result "0-1"]
[WhiteElo "2079"]
[BlackElo "2342"]
[PlyCount "28"]
[EventDate "2014.07.05"]
[EventType "swiss"]
[EventRounds "5"]
[EventCountry "CAN"]

1. e4 e5 2. f4 d5 3. exd5 exf4 4. Nf3 Nf6 5. Bb5+ c6 6. dxc6 Nxc6 7. d4 Bd6 8.
Qe2+ Be6 9. Ne5 O-O 10. c3 Bxe5 11. dxe5 Bg4 12. Qc2 Nxe5 13. Bxf4 Qe7 14. h3
Nd3+ 0-1

[Event "Aurora Summer op"]
[Site "Aurora CAN"]
[Date "2014.07.05"]
[Round "1.6"]
[White "Aronov, Yuri"]
[Black "Chen, Richard"]
[Result "1-0"]
[WhiteElo "2309"]
[BlackElo "2071"]
[PlyCount "138"]
[EventDate "2014.07.05"]
[EventType "swiss"]
[EventRounds "5"]
[EventCountry "CAN"]

1. d4 Nf6 2. c4 c5 3. d5 b5 4. Nf3 Bb7 5. Qc2 bxc4 6. e4 e6 7. Bxc4 exd5 8.
exd5 Bxd5 9. Bxd5 Nxd5 10. O-O Be7 11. Re1 Nc6 12. Qxc5 Nf6 13. Bg5 O-O 14. Qc1
Rc8 15. Nc3 Qa5 16. Qd2 Rfd8 17. Rad1 Qf5 18. Nd4 Qc5 19. Be3 Qh5 20. h3 Ne5
21. Qe2 Qxe2 22. Rxe2 Bb4 23. Nf5 Ng6 24. Bxa7 Bxc3 25. bxc3 Rxc3 26. Bd4 Rc6
27. a4 Ra6 28. a5 Nf4 29. Rb2 N4d5 30. Rb5 Rda8 31. Ra1 h6 32. Nxg7 Nc7 33. Rb7
Ncd5 34. Nf5 Rxa5 35. Rxa5 Rxa5 36. Nxh6+ Kg7 37. Ng4 d6 38. Rd7 Ra6 39. Rd8
Kg6 40. Kh2 Kf5 41. Nxf6 Nxf6 42. g4+ Ke6 43. Kg3 Ra3+ 44. f3 Ne4+ 45. Kf4 Nd2
46. Be3 Ra4+ 47. Kg5 Nxf3+ 48. Kh6 d5 49. Re8+ Kf6 50. Bc5 Re4 51. Ra8 d4 52.
Ra7 Re6 53. Rd7 Re5 54. Bxd4 Nxd4 55. Rxd4 Re8 56. Rf4+ Ke5 57. Rxf7 Rh8+ 58.
Kg7 Rxh3 59. g5 Rg3 60. g6 Ke6 61. Rf1 Re3 62. Kg8 Ke7 63. g7 Re2 64. Rf4 Rg2
65. Rf7+ Ke8 66. Rf1 Re2 67. Rf4 Ke7 68. Rh4 Rg2 69. Kh8 Kf6 1-0

[Event "Aurora Summer op"]
[Site "Aurora CAN"]
[Date "2014.07.05"]
[Round "1.8"]
[White "Kazmaier, Daniel"]
[Black "Lei, Sean"]
[Result "1-0"]
[WhiteElo "2297"]
[BlackElo "2008"]
[PlyCount "92"]
[EventDate "2014.07.05"]
[EventType "swiss"]
[EventRounds "5"]
[EventCountry "CAN"]

1. d4 Nf6 2. Bg5 Ne4 3. Bf4 d5 4. f3 Nf6 5. c4 e6 6. Nc3 Nc6 7. e4 dxe4 8. d5
e5 9. Be3 Nd4 10. Bxd4 exd4 11. Qxd4 exf3 12. Nxf3 Qe7+ 13. Kd2 Qb4 14. Re1+
Be7 15. Bd3 O-O 16. Kc2 Qc5 17. Qh4 h6 18. a3 Bd8 19. b4 Qd6 20. c5 Qd7 21. Ne5
Ng4 22. Nxd7 Bxh4 23. Nxf8 Bxe1 24. Rxe1 Kxf8 25. Nb5 Bd7 26. Nxc7 Rc8 27. Nb5
a6 28. Nd6 Rc7 29. h3 Nf6 30. Be4 Ba4+ 31. Kc3 Nd7 32. Bc2 Nxc5 33. bxc5 Rxc5+
34. Kb4 Rxc2 35. Kxa4 g5 36. Re8+ Kg7 37. Nxb7 Rxg2 38. d6 Rd2 39. Rd8 f5 40.
d7 f4 41. Nc5 f3 42. Rb8 f2 43. Rb1 Kf8 44. d8=Q+ Rxd8 45. Ne6+ Ke7 46. Nxd8
Kxd8 1-0